Κατάλογος Βιβλιοθηκών Mediterranean College

Εισαγωγή στην Κοινωνική Ψυχολογία / Τρίτη Αγγλική Έκδοση (Record no. 6352)

MARC details
000 -LEADER
fixed length control field 02264cam a22002294a 4500
005 - ΗΜΕΡΟΜΗΝΙΑ ΚΑΙ ΩΡΑ ΤΕΛΕΥΤΑΙΑΣ ΕΝΗΜΕΡΩΣΗΣ
Πεδίο ελέγχου 20251217102554.0
008 - FIXED-LENGTH DATA ELEMENTS--GENERAL INFORMATION
Πεδίο ελέγχου σταθερού μήκους 250528s ||||||||||||||||||||||||d
020 ## - ISBN
ISBN 9789600220964
035 ## - SYSTEM CONTROL NUMBER
System control number 21287
040 ## - ΠΗΓΗ ΚΑΤΑΛΟΓΟΓΡΑΦΗΣΗΣ
Φορέας πρωτότυπης καταλογογράφησης MC Athens Campus Library
Γλώσσα καταλογογράφησης Ελληνικά, Μοντέρνα (1453-)
Modifying agency MC Athens Campus Library
Κανόνες περιγραφικής καταλογογράφησης AACR2
245 1# - ΤΙΤΛΟΣ ΚΑΙ ΔΗΛΩΣΗ ΥΠΕΥΘΥΝΟΤΗΤΑΣ
Τίτλος Εισαγωγή στην Κοινωνική Ψυχολογία / Τρίτη Αγγλική Έκδοση
250 ## - EDITION STATEMENT
Edition statement
260 ## - PUBLICATION, DISTRIBUTION, ETC.
Name of publisher, distributor, etc. Παπαζήση,
Date of publication, distribution, etc. 2007
300 ## - PHYSICAL DESCRIPTION
Extent 920 σ.
520 ## - SUMMARY, ETC.
Summary, etc. Ένα περιεκτικό και βατό εισαγωγικό κείμενο για τους φοιτητές της Κοινωνικής Ψυχολογίας. Εισαγωγή, Εισαγωγή στην Ιστορία της Κοινωνικής Ψυχολογίας, Εξελικτική Κοινωνική Ψυχολογία, Αναπτυξιακή Κοινωνική Ψυχολογία, Η Μεθοδολογία την Κοινωνική Ψυχολογία: Εργαλεία Ελέγχου και Θεωριών, Η Κατασκευή του Κοινωνικού Κόσμου, Κοινωνική Νόηση, Το Συναίσθημα, Θεωρία Απόδοσης και Έρευνα: Από τις Βασικές Γνώσεις στην Εφαρμογή, Οι Στάσεις, Κοινωνική Συναλλαγή και Προσωπικές Σχέσεις, Προ-Κοινωνική Συμπεριφορά, Επιθετική Συμπεριφορά, Κοινωνική Αλληλεπίδραση: Συνεργασία και Ανταγωνισμός, Δεσμός και Έλξη και Στενές Σχέσεις, Κοινωνικές Ομάδες, Κοινωνική Επίδραση σε Μικρές Ομάδες, Ομαδική Απόδοση, Σχέσεις μεταξύ των Ομάδων, Εφαρμογές, Ψυχολογεία της Υγείας: Μια Κοινωνικο-Ψυχολογική Άποψη, Η Κοινωνική Ψυχολογία στους Οργανισμούς, Γλωσσάριο, Βιβλιογραφία, Ευρετήριο Θεμάτων, Ευρετήριο Συγγραφέων.
650 #0 - SUBJECT ADDED ENTRY--TOPICAL TERM
Topical term or geographic name entry element Ψυχολογία
9 (RLIN) 9898
700 1# - ΠΡΟΣΘΕΤΗ ΑΝΑΓΡΑΦΗ--ΦΥΣΙΚΟ ΠΡΟΣΩΠΟ
Personal name Hewstone Miles
9 (RLIN) 362
700 1# - ΠΡΟΣΘΕΤΗ ΑΝΑΓΡΑΦΗ--ΦΥΣΙΚΟ ΠΡΟΣΩΠΟ
Personal name Stroebe Wolfgang
9 (RLIN) 6805
942 ## - ADDED ENTRY ELEMENTS (KOHA)
Koha item type Books
Holdings
Τύπος τεκμηρίου Βιβλιοθήκη Τρέχουσα τοποθεσία Barcode Αριθμός εισαγωγής Ημερομηνία απόκτησης Ταξιθετικό σύμβολο Αριθμός αντιτύπου Κατάσταση απόσυρσης Κατάσταση χαμένου Κατάσταση κατεστραμμένου Μη δανεισμός Σύνολο δανεισμών Σύνολο ανανεώσεων Ημερομηνία τελευταίας εμφάνισης Χρονολογία τελευταίου δανεισμού Η τιμή ισχύει από
Books MC Athens Campus Library MC Athens Campus Library 9780000063519 5378 05/06/2025 302 HEW 1         3 2 01/04/2026 30/03/2026 05/06/2025
Books MC Athens Campus Library MC Athens Campus Library 9780000099938 8191 17/12/2025 302 HEW 1       Μη δανειζόμενο     17/12/2025   17/12/2025

MC Athens Campus Library
Πατησίων 94 & Κοδριγκτώνος 13, 104 34
Πελλήνης 8 & Πατησίων 107, 112 51
Τ: +30 210 8899600

MC Thessaloniki Campus Library
Ίωνος Δραγούμη 21, 54625 | Ίωνος Δραγούμη 15, 54625
Τ: +30 2310 287779 – Τ: +30 2314 440300